Normal view
MARC view
- edited:Wellesley Editorial Committee
Entry Personal Name
001 - CONTROL NUMBER
- control field: 2856
003 - CONTROL NUMBER IDENTIFIER
- control field: JO-AjAnu
005 - DATE AND TIME OF LATEST TRANSACTION
- control field: 20230606070754.0
008 - FIXED-LENGTH DATA ELEMENTS
- fixed length control field: 230606|| aca||aabn | a|a d
040 ## - CATALOGING SOURCE
- Original cataloging agency: JO-AjAnu
- Transcribing agency: JO-AjAnu
100 ## - HEADING--PERSONAL NAME
- Personal name: edited:Wellesley Editorial Committee
670 ## - SOURCE DATA FOUND
- Source citation: Work cat.: (JO-AjAnu)1496: edited:Wellesley Editorial Committee, author, Women and National Development:The Complexities of Change